| 000 | 01360nam a22003617a 4500 | ||
|---|---|---|---|
| 003 | CHAP | ||
| 005 | 20220329142012.0 | ||
| 008 | 990119d1998 mx a r 00110 spa d | ||
| 010 | _a76900 | ||
| 011 | _a77872 | ||
| 035 | _a87622 | ||
| 040 | _cCHAP | ||
| 090 | _aTesis | ||
| 100 | 0 | 0 |
_aFlorencio Cruz, Onésimo. _941353 |
| 245 | 1 | 0 |
_aContribución a la etnomicología de los hongos comestibles en Santa Catarina del Monte, Texcoco, estado de México _c/por Onésimo Florencio Cruz y Héctor García Martínez |
| 260 |
_aChapingo, Méx. : _bEl autor, _c1998. |
||
| 300 | _a90 h. : ilus. | ||
| 502 | _aTesis (Ing. Forestal con orientación en Silvicultura y Evaluación y Abastecimiento | ||
| 590 |
_aALEPH _b10 _c20130110 _lUCH01 _h1427 |
||
| 590 |
_aBATCH-UPD _b10 _c20130110 _lUCH01 _h0825 |
||
| 590 |
_aBATCH-UPD _b10 _c20130410 _lUCH01 _h0503 |
||
| 590 |
_aBATCH-UPD _b10 _c20130914 _lUCH01 _h1530 |
||
| 590 |
_aCONVERSION _b10 _c20130109 _lUCH01 _h1342 |
||
| 650 | 1 | 4 |
_aHongos comestibles. _956124 |
| 650 | 1 | 4 |
_aHongos _xMéxico (Edo.) _956109 |
| 700 | 0 |
_aGarcía Martínez, Héctor. _946264 |
|
| 901 | _aBK | ||
| 905 | _aAlejandra Carrasco Martínez | ||
| 942 | _cFOLL | ||
| 949 |
_bBC _cTES _d33724000711800 _eTS2 _fc.3 _h33433 _i87622 _si |
||
| 949 |
_bBC _cTES _d33724000711818 _eTS2 _fc.2 _h33432 _i87622 _sb |
||
| 949 |
_bBC _cTES _d876221 _eTS1 _h33431 _i87622 _sb |
||
| 999 |
_c76900 _d76900 |
||